000 00482ntaaa2200169 4500
003 01
005 20251027201553.0
008 0714s1973 ag 01
040 _aAR-BaBN
_bspa
_cAR-BaBN
_eaacr
_dRIC
082 _a230.0000 D11
100 _aDabney, Robert L.
_914347
245 _aDiscussion by Robert L. Dabney...vol. 1; theological and evangelical.
250 _a1 ed. :
_bPresbiterin Committe of publication,
_cc/890
300 _axix, 728 p.
650 _aTeologĂ­a
942 _cBK
999 _c10302
_d10302